Quick Pick: DC's Justice League Secret Identities Quiz Stats

 Plays Quiz Updated Oct 23, 2019

Score 0/7 Timer 00:30
2 Plays Today
% Correct
Bruce Wayne
97.8%
Diana Prince
97.7%
Clark Kent
96.9%
J'onn J'onzz
88.1%
Barry Allen
86.3%
Hal Jordan
83.1%
Arthur Curry
79.8%

Today's Daily Dose

Missing Word
Celine Dion

Word Ladder
Dr. Seuss Books

Quick Pick
Cities in India

Get the Picture
'A' Actresses

You're not logged in!

Compare scores with friends on all Sporcle quizzes.
OR
Log In

Sporcle TV

Today on Sporcle TV


Watch our educational content, quiz creation guides, and fun videos on Sporcle TV.

Show Comments

Extras

Top Quizzes Today


Score Distribution

Your Account Isn't Verified!

In order to create a playlist on Sporcle, you need to verify the email address you used during registration. Go to your Sporcle Settings to finish the process.

Report this User

Report this user for behavior that violates our Community Guidelines.

Details: